000 01359cab a2200253 4500
001 L129938
008 050607n2005 000 0 eng u
035 _a(Sirsi) u129938
041 _aeng
100 _aCohen, Lewis
245 _aReasonableness of settlements revisited
260 _c2005
490 _aConstruction Law Journal
_v21(3) 2005, 216-221(6)
520 _aDiscusses, with reference to the two linked cases of "Bovis Lend Lease Ltd v RD Fire Protection Ltd and Huthco Ltd and another v Bovis Lend Lease Ltd" ([2003] EWHC 939 (TCC), unreported) the problems that can occur when several parties in construction projects find themselves subject to a claim. In this complex situation it is often not possible to resolve all disputes with all parties simultaneously. The parties may reach a wrap up deal without necessarily referring to the precise allocation within a settlement.
590 _aIKA210605
650 _aBOVIS LEND LEASE LTD V RD FIRE PROTECTION LTD AND HUTHCO LTD AND ANOTHER V BOVIS LEND LEASE LTD
650 _aCIVIL PROCEDURE RULES PART 20
650 _aCOMYN CHING V ORIENTAL TUBE
650 _aBIGGIN V PERMANITE
650 _aROYAL BROMPTON HOSPITAL NHS TRUST V HAMMOND AND OTHERS
650 _aTOWNSEND AND ANOTHER V STONE TOMS AND PARTNERS
690 _aBUILT ENVIRONMENT-CONSTRUCTION MANAGEMENT
942 _n0
999 _c75357
_d75357